000 00568cam a22002053a 4500
001 36467
003 PGUSA
005 20140828083805.0
008 110619s2011||||xxu|||||s|||||000 | eng d
040 _aPGUSA
_beng
042 _adc
100 1 _aThorne, Guy,
_d1876-1923
245 1 2 _aA Butterfly on the Wheel
_h[electronic resource] /
_cGuy Thorne
260 _bProject Gutenberg,
_c2011
506 _aPublic domain in the USA.
516 _aElectronic text
830 0 _aProject Gutenberg
_v36467
856 4 0 _uhttp://www.gutenberg.org/ebooks/36467
942 _cEB
999 _c265722
_d265722